000 00494nam a2200181Ia 4500
003 LK-CoDNM
005 20230923102122.0
008 010623t1924 xxu||||| |||| 00| 1 eng d
040 _aLK-CoDNM
_dLK-CoDNM
_eLK-CoDNM
041 _aeng
080 _a12 R12
100 _aBalfour,Andrew.
245 _aHealth Problems of the Empire,Past,Present and Future
260 _bW.Collins Sons Co
_aLondon
_c1924
300 _bxxi,413p,ill,maps., 22 cm
700 _aScott,Henry Harold.
942 _cBK
999 _c92093
_d92093